• 首页
  • 本馆介绍
  • 公告通知
  • 最新文献
  • 馆藏检索
  • 电子资源
  • 读者导购
  • 参考咨询
  • 我的图书馆
  • 登录
  • 详细信息显示
  • 放入我的书架
  • 预约/预借图书
  • 作者相关作品
  • 分类相关作品
  • 丛书相关作品
  • 出版社相关作品

书目信息

  • 表格格式
  • 工作单格式
  • 卡片格式
题名:
中国农业技术发展简史
    
 
作者: 闵宗殿 编著
分册:  
出版信息: 北京   农业出版社  1983
页数: 133页
开本: 19cm
丛书名:
单 册:
中图分类: S-092
科图分类:
主题词: 农业史--中国
电子资源:
ISBN: 16144.2574
000 00626nam0 2200229 450
001 0183001596
005 20100712220426.0
010    @a16144.2574@dCNY0.39
091    @a16144.2574
100    @a19950613d1983 kmey0chiy0110 ea
101 0  @achi
102    @aCN@b110000
105    @ay z 000yy
106    @ar
200 1  @a中国农业技术发展简史@9Zhong Guo Nong Ye Ji Shu;Zhu Fa Zhan Jian Shi @f闵宗殿等编著
210    @a北京@c农业出版社@d1983
215    @a133页@d19cm
606 0  @a农业史@y中国
690    @aS-092@v3
701  0 @a闵宗殿@9min zong dian@4编著
801  0 @aCN@b91MARC@c20130904
905    @aBZT@dS@e36@f4@sS/36
    
    中国农业技术发展简史/闵宗殿等编著.-北京:农业出版社,1983
    133页;19cm
    
    
    ISBN 16144.2574:CNY0.39
    
●
相关链接 在五车中查询图书 在当当中查询图书 在豆瓣中查询图书


正题名:中国农业技术发展简史     索取号:S/36         预约/预借

序号 登录号 条形码 馆藏地/架位号 状态 备注
1 2000114103   2000114103   旧书回溯/ [索取号:S/36] 在馆    
2 2000114104   2000114104   旧书回溯/ [索取号:S/36] 在馆    
3 2000114105   2000114105   旧书回溯/ [索取号:S/36] 在馆    
4 2000114106   2000114106   旧书回溯/ [索取号:S/36] 在馆    
山东省滨州职业学院图书馆 欢迎您!
大连网信软件有限公司© 版权所有